| 000 | 01801cam a2200553 i 4500 | ||
|---|---|---|---|
| 999 |
_c13432 _d13432 |
||
| 001 | vtls000058374 | ||
| 003 | NUKAT | ||
| 005 | 20181015111728.0 | ||
| 008 | 021108s1952 xr d |000 0 pol c | ||
| 035 | _azz2002914106 | ||
| 039 | 9 |
_a201803160929 _bvwum _c201712041105 _dvuepozn _c201709221300 _dkopps _c201701261022 _dkoppzhwa |
|
| 040 |
_aKR 93/AP _cKR 93/AP _dKR 93/TS _dKR 93/BJs _dWR U/dl _dWR O/KS _dKR U/42AKs |
||
| 041 | 0 |
_apol _acze |
|
| 100 | 1 |
_aVydra, Bohumil _d(1889-1952). |
|
| 245 | 1 | 0 |
_aSłownik polsko-czeski / _coprac. Bohumil Vydra. |
| 246 | 1 | 5 | _aPolsko-český slovník |
| 250 | _aWyd. 2 popr. i uzup. | ||
| 260 |
_aPraga : _bSlovanské nakladatelství, _c1952. |
||
| 300 |
_aVIII, 702, [1] s. ; _c17 cm. |
||
| 490 | 1 |
_aSbírka Slovníků Jazyků Slovanských ; _v3 |
|
| 650 |
_aJęzyk polski _xsłowniki czeskie. |
||
| 655 | 2 | _aSłowniki [Typ publikacji] | |
| 951 | _aKIEL_010 SAND_001 | ||
| 830 | 0 |
_aSbírka Slovníků Jazyků Slovanských _v3 |
|
| 942 |
_2ddc _cBK |
||
| 956 | _aKR_119 | ||
| 980 | _aSZCZ_010 SZCZ_M SZCZ_ZUT | ||
| 983 | _aSZCZYT_001 | ||